000
00251pab a2200109 454500
008
180718b xxu||||| |||| 00| 0 eng d
100
_a
Sahoy, S
245
_a
Over to CJ
650
_a
Justice Administration of
773
_a
Hindustan Times
909
_a
24124
999
_c
24124
_d
24124